000 00374nam a2200145Ia 4500
008 230411s9999 xx 000 0 und d
020 _a81-86361-21-9
041 _aeng
082 _aP/610.7362/TAM/B00512
100 _aTambulwadkar R
245 _aPaediatric Nursing.
260 _bVora Medical Publications
_aMumbai
_c2005
300 _a321p
999 _c151981
_d151981